[Event "Alicante Easter op 7th"]
[Site "La Nucia"]
[Date "2023.04.08"]
[Round "6"]
[White "Poormosavi, Seyed Kian"]
[Black "Bermejo Martinez, Jorge"]
[Result "1-0"]
[WhiteElo "2418"]
[BlackElo "2215"]
[PlyCount "39"]
[EventDate "2023.04.05"]
[EventType "swiss"]
[EventRounds "9"]
[EventCountry "ESP"]
[SourceTitle "CBM 213 Extra"]
[Source "ChessBase"]
[SourceDate "2023.05.31"]
[SourceVersion "1"]
[SourceVersionDate "2023.05.31"]
[SourceQuality "1"]

1. Nf3 d5 2. g3 Bg4 3. Bg2 Nd7 4. h3 Bh5 5. d3 e6 6. 0-0 c6 7. Nbd2 Be7 8. e4 a5 9. a4 Nc5 10. Qe2 dxe4 11. dxe4 Nf6 12. Rd1 Qc7 13. Nc4 Bxf3 14. Bxf3 e5 15. b3 0-0 16. Bb2 Nfd7 17. Bg4 f6 18. Ba3 Rfd8 19. Bxd7 Rxd7 20. Rxd7 1-0

[Event "Valencia Cuna op 3rd"]
[Site "Valencia"]
[Date "2022.07.12"]
[Round "2"]
[White "Terry, Renato"]
[Black "Bermejo Martinez, Jorge"]
[Result "1-0"]
[WhiteElo "2502"]
[BlackElo "2236"]
[PlyCount "59"]
[EventDate "2022.07.11"]
[EventType "swiss"]
[EventRounds "9"]
[EventCountry "ESP"]
[SourceTitle "CBM 209 Extra"]
[Source "ChessBase"]
[SourceDate "2022.09.30"]
[SourceVersion "1"]
[SourceVersionDate "2022.09.30"]
[SourceQuality "1"]

1. d4 Nf6 2. Bg5 d5 3. Nd2 c5 4. dxc5 e6 5. e3 Bxc5 6. Ngf3 Nc6 7. a3 a5 8. c4 Be7 9. cxd5 exd5 10. Bb5 Qb6 11. Qb3 0-0 12. Rc1 Be6 13. Bd3 Qa7 14. Qa4 h6 15. Bh4 d4 16. e4 g5 17. Bg3 Nd7 18. Qc2 Rac8 19. 0-0 a4 20. Qb1 Nc5 21. Bc4 Rfd8 22. e5 Na5 23. Bxe6 Nxe6 24. Rxc8 Rxc8 25. Ne4 Qb6 26. Nfd2 Qc6 27. Nd6 Bxd6 28. exd6 Qc2 29. d7 Rc6 30. Qe1 1-0

[Event "Madrid-chT 1314"]
[Site "Madrid"]
[Date "2014.01.18"]
[Round "6.13"]
[White "Rubio Mejia, Luis Ignacio"]
[Black "Bermejo Martinez, Jorge"]
[Result "1-0"]
[WhiteElo "2452"]
[BlackElo "2309"]
[PlyCount "73"]
[EventDate "2013.11.16"]
[EventType "team-tourn"]
[EventRounds "14"]
[EventCountry "ESP"]
[SourceTitle "EXT 2015"]
[Source "ChessBase"]
[SourceDate "2014.11.20"]
[SourceVersion "1"]
[SourceVersionDate "2014.11.20"]
[SourceQuality "1"]
[WhiteTeam "Virgen de Atocha"]
[BlackTeam "Villalba 64"]
[WhiteTeamCountry "ESP"]
[BlackTeamCountry "ESP"]

1. d4 Nf6 2. c4 Nc6 3. Nf3 e6 4. a3 d6 5. Nc3 g6 6. e4 Bg7 7. h3 0-0 8. Bg5 h6 9. Be3 Re8 10. Bd3 Kh7 11. 0-0 Nh5 12. Bc2 e5 13. d5 Ne7 14. c5 Nf4 15. Rc1 Rf8 16. Re1 g5 17. Kh2 Neg6 18. Ng1 g4 19. g3 Nxh3 20. Nxh3 gxh3 21. Qh5 Ne7 22. f4 f5 23. fxe5 dxe5 24. Bg5 Qd7 25. exf5 Kg8 26. Bxh6 Nxf5 27. Bxg7 Qxg7 28. Ne4 Nd4 29. Ng5 Rf2+ 30. Kh1 Bf5 31. Rf1 Ne2 32. Rxf2 Nxg3+ 33. Kh2 Nxh5 34. Bxf5 Kh8 35. Rg1 Rg8 36. Be6 Nf4 37. Nf7+ 1-0

[Event "Madrid-chT 1213 Honor"]
[Site "Madrid"]
[Date "2012.12.02"]
[Round "3.43"]
[White "Rojo Huerta, Gabriel"]
[Black "Bermejo Martinez, Jorge"]
[Result "1-0"]
[WhiteElo "2356"]
[BlackElo "2317"]
[PlyCount "55"]
[EventDate "2012.11.18"]
[EventType "team"]
[EventRounds "14"]
[EventCountry "ESP"]
[SourceTitle "EXT 2014"]
[Source "ChessBase"]
[SourceDate "2013.11.20"]
[SourceVersion "1"]
[SourceVersionDate "2013.11.20"]
[SourceQuality "1"]
[WhiteTeam "Casa del Ajedrez"]
[BlackTeam "Villalba 64"]
[WhiteTeamCountry "ESP"]
[BlackTeamCountry "ESP"]

1. d4 g6 2. c4 Bg7 3. Nf3 d6 4. Nc3 Nc6 5. d5 Ne5 6. Nxe5 Bxe5 7. e4 c5 8. Qc2 Bg7 9. Bd3 Nf6 10. 0-0 0-0 11. f4 Bd7 12. Qe2 Ne8 13. Bd2 e6 14. a4 exd5 15. cxd5 Nc7 16. Rae1 Re8 17. Qf3 f5 18. Qg3 Bd4+ 19. Kh1 Qf6 20. Re2 a6 21. Rfe1 Rf8 22. a5 Kh8 23. e5 Qe7 24. Qh3 Rae8 25. Qh6 Bb5 26. Nxb5 axb5 27. exd6 Qxd6 28. Re7 1-0

[Event "Valencia Manises-A"]
[Site "Valencia"]
[Date "2012.05.20"]
[Round "8"]
[White "Bermejo Martinez, Jorge"]
[Black "Valmana Canto, Jaime"]
[Result "1/2-1/2"]
[WhiteElo "2275"]
[BlackElo "2327"]
[PlyCount "22"]
[EventDate "2012.05.05"]
[EventType "tourn"]
[EventRounds "9"]
[EventCountry "ESP"]
[SourceTitle "EXT 2014"]
[Source "ChessBase"]
[SourceDate "2013.11.20"]
[SourceVersion "1"]
[SourceVersionDate "2013.11.20"]
[SourceQuality "1"]

1. e4 g6 2. d4 Bg7 3. f4 d6 4. Nf3 Nf6 5. Nc3 c5 6. Bb5+ Bd7 7. e5 Ng4 8. e6 fxe6 9. Ng5 Bxb5 10. Nxe6 Bxd4 11. Nxd8 Bf2+ 1/2-1/2

[Event "Valencia Manises-A"]
[Site "Valencia"]
[Date "2012.05.20"]
[Round "9"]
[White "Uran Bermudez, Oliver Kevin"]
[Black "Bermejo Martinez, Jorge"]
[Result "0-1"]
[WhiteElo "2160"]
[BlackElo "2275"]
[PlyCount "54"]
[EventDate "2012.05.05"]
[EventType "tourn"]
[EventRounds "9"]
[EventCountry "ESP"]
[SourceTitle "EXT 2014"]
[Source "ChessBase"]
[SourceDate "2013.11.20"]
[SourceVersion "1"]
[SourceVersionDate "2013.11.20"]
[SourceQuality "1"]

1. d4 Nf6 2. Nc3 d5 3. Qd3 Nc6 4. Bf4 g6 5. f3 Bg7 6. 0-0-0 Nh5 7. Be3 0-0 8. g4 Nf6 9. Qd2 Na5 10. Bf4 Nc4 11. Qe1 c5 12. e4 cxd4 13. exd5 Nxb2 14. d6 e5 15. Nb5 Nxd1 16. Bxe5 Nc3 17. Nxd4 Qa5 18. Qg3 Qa3+ 19. Kd2 Nce4+ 20. fxe4 Nxe4+ 21. Kd1 Nxg3 22. Bxg7 Nxh1 23. Bxf8 Kxf8 24. Be2 Qxd6 25. c3 Bxg4 26. Bxg4 Nf2+ 27. Kc2 Nxg4 0-1

[Event "Valencia Manises-A"]
[Site "Valencia"]
[Date "2012.05.06"]
[Round "3"]
[White "Bermejo Martinez, Jorge"]
[Black "Pena Riasco, Alexander"]
[Result "1/2-1/2"]
[WhiteElo "2275"]
[BlackElo "2233"]
[PlyCount "20"]
[EventDate "2012.05.05"]
[EventType "tourn"]
[EventRounds "9"]
[EventCountry "ESP"]
[SourceTitle "EXT 2014"]
[Source "ChessBase"]
[SourceDate "2013.11.20"]
[SourceVersion "1"]
[SourceVersionDate "2013.11.20"]
[SourceQuality "1"]

1. d4 d5 2. c4 c6 3. Nc3 Nf6 4. e3 e6 5. Nf3 Nbd7 6. Qc2 Be7 7. Bd3 0-0 8. 0-0 dxc4 9. Bxc4 c5 10. dxc5 Bxc5 1/2-1/2

[Event "Valencia Manises-A"]
[Site "Valencia"]
[Date "2012.05.06"]
[Round "2"]
[White "Jordan Arenas, Manuel"]
[Black "Bermejo Martinez, Jorge"]
[Result "0-1"]
[WhiteElo "2185"]
[BlackElo "2275"]
[PlyCount "52"]
[EventDate "2012.05.05"]
[EventType "tourn"]
[EventRounds "9"]
[EventCountry "ESP"]
[SourceTitle "EXT 2014"]
[Source "ChessBase"]
[SourceDate "2013.11.20"]
[SourceVersion "1"]
[SourceVersionDate "2013.11.20"]
[SourceQuality "1"]

1. d4 g6 2. e4 Bg7 3. c4 d6 4. Nc3 e5 5. d5 Ne7 6. Nf3 0-0 7. Be2 f5 8. exf5 gxf5 9. 0-0 Nd7 10. Re1 a5 11. Bg5 h6 12. Bh4 Nf6 13. c5 Ng6 14. Nb5 Nxh4 15. Nxh4 Ne4 16. cxd6 Qxh4 17. g3 Qf6 18. dxc7 f4 19. Bf3 Ng5 20. d6 fxg3 21. Bd5+ Kh8 22. fxg3 Nh3+ 23. Kg2 Qf2+ 24. Kh1 Qg1+ 25. Rxg1 Nf2+ 26. Kg2 Bh3# 0-1

[Event "Albacete op U2300 1st"]
[Site "Albacete"]
[Date "2012.04.29"]
[Round "4"]
[White "Bermejo Martinez, Jorge"]
[Black "Varga, Mariano"]
[Result "1-0"]
[WhiteElo "2267"]
[BlackElo "2140"]
[PlyCount "61"]
[EventDate "2012.04.27"]
[EventType "swiss"]
[EventRounds "9"]
[EventCountry "ESP"]
[SourceTitle "EXT 2014"]
[Source "ChessBase"]
[SourceDate "2013.11.20"]
[SourceVersion "1"]
[SourceVersionDate "2013.11.20"]
[SourceQuality "1"]

1. d4 Nf6 2. g3 e6 3. c4 Bb4+ 4. Bd2 Qe7 5. Nf3 b6 6. Bg2 Bb7 7. 0-0 0-0 8. Bg5 h6 9. Bxf6 Qxf6 10. Qd3 Re8 11. a3 Bd6 12. Nc3 a6 13. b4 Qg6 14. e4 Be7 15. Qe3 d6 16. e5 Qh7 17. exd6 cxd6 18. d5 Nd7 19. dxe6 Bf6 20. exf7+ Kxf7 21. Qd2 Rad8 22. Rac1 Ne5 23. Nxe5+ dxe5 24. Bd5+ Kf8 25. Qe3 Bxd5 26. Nxd5 Bg5 27. Qf3+ Kg8 28. Rcd1 e4 29. Qg4 e3 30. fxe3 Re4 31. Qxg5 1-0

[Event "Albacete op U2300 1st"]
[Site "Albacete"]
[Date "2012.04.28"]
[Round "3"]
[White "Sos Andreu, Eric"]
[Black "Bermejo Martinez, Jorge"]
[Result "1/2-1/2"]
[WhiteElo "2143"]
[BlackElo "2267"]
[PlyCount "33"]
[EventDate "2012.04.27"]
[EventType "swiss"]
[EventRounds "9"]
[EventCountry "ESP"]
[SourceTitle "EXT 2014"]
[Source "ChessBase"]
[SourceDate "2013.11.20"]
[SourceVersion "1"]
[SourceVersionDate "2013.11.20"]
[SourceQuality "1"]

1. d4 g6 2. c4 Bg7 3. Nf3 d6 4. e4 Nc6 5. Be2 e5 6. d5 Nd4 7. Nxd4 exd4 8. 0-0 c5 9. f4 Ne7 10. Bd3 0-0 11. f5 f6 12. g4 Bd7 13. Bf4 Qc7 14. Nd2 a6 15. Rb1 Rab8 16. Qe1 g5 17. Bg3 1/2-1/2

[Event "Mislata op 43rd"]
[Site "Mislata"]
[Date "2009.08.26"]
[Round "4"]
[White "Bermejo Martinez, Jorge"]
[Black "Mascaro March, Pedro"]
[Result "1/2-1/2"]
[WhiteElo "2240"]
[BlackElo "2382"]
[PlyCount "21"]
[EventDate "2009.08.24"]
[EventType "swiss"]
[EventRounds "9"]
[EventCountry "ESP"]
[SourceTitle "CBM 131 Extra"]
[Source "ChessBase"]
[SourceDate "2009.09.03"]
[SourceVersion "2"]
[SourceVersionDate "2009.09.16"]
[SourceQuality "1"]

1. e4 e5 2. Nf3 Nc6 3. d4 exd4 4. Bc4 Nf6 5. Ng5 Ne5 6. Bb3 h6 7. f4 hxg5 8. fxe5 Nxe4 9. Bd5 Nc5 10. 0-0 Ne6 11. Qf3 1/2-1/2

[Event "Malaga op 12th"]
[Site "Malaga"]
[Date "2009.07.13"]
[Round "4"]
[White "Bermejo Martinez, Jorge"]
[Black "Carlsson, Pontus"]
[Result "1/2-1/2"]
[WhiteElo "2240"]
[BlackElo "2494"]
[PlyCount "62"]
[EventDate "2009.07.11"]
[EventType "swiss"]
[EventRounds "9"]
[EventCountry "ESP"]
[SourceTitle "CBM 131 Extra"]
[Source "ChessBase"]
[SourceDate "2009.09.03"]
[SourceVersion "2"]
[SourceVersionDate "2009.09.16"]
[SourceQuality "1"]

1. d4 Nf6 2. c4 e6 3. Nc3 Bb4 4. e3 0-0 5. Bd3 d5 6. Nge2 dxc4 7. Bxc4 e5 8. 0-0 Nc6 9. d5 Ne7 10. e4 Ng6 11. a3 Bd6 12. Qd3 a6 13. f3 Qe7 14. Be3 Bd7 15. Rad1 Rfd8 16. Kh1 Rac8 17. a4 Nf4 18. Nxf4 exf4 19. Bd4 c5 20. dxc6 Bxc6 21. Bd5 Be5 22. Bxe5 Qxe5 23. Qd4 Qxd4 24. Rxd4 Rd7 25. Rfd1 Rcd8 26. b4 g5 27. b5 axb5 28. axb5 Bxd5 29. exd5 Kg7 30. g3 fxg3 31. hxg3 h6 1/2-1/2

[Event "Malaga op 12th"]
[Site "Malaga"]
[Date "2009.07.12"]
[Round "2"]
[White "Bermejo Martinez, Jorge"]
[Black "Larino Nieto, David"]
[Result "1-0"]
[WhiteElo "2240"]
[BlackElo "2455"]
[PlyCount "64"]
[EventDate "2009.07.11"]
[EventType "swiss"]
[EventRounds "9"]
[EventCountry "ESP"]
[SourceTitle "CBM 131 Extra"]
[Source "ChessBase"]
[SourceDate "2009.09.03"]
[SourceVersion "2"]
[SourceVersionDate "2009.09.16"]
[SourceQuality "1"]

1. d4 Nf6 2. Nf3 c5 3. d5 b5 4. Bg5 Bb7 5. Bxf6 gxf6 6. e4 Qa5+ 7. Qd2 Qb6 8. a4 a6 9. Na3 f5 10. exf5 Bh6 11. Qc3 Rg8 12. Rd1 c4 13. Qb4 Be3 14. fxe3 Qxe3+ 15. Be2 Rxg2 16. Rd2 Bxd5 17. Rf1 Bxf3 18. Rxf3 Rg1+ 19. Rf1 Rxf1+ 20. Kxf1 Qf4+ 21. Ke1 Qh4+ 22. Kf1 Nc6 23. Qc3 0-0-0 24. Qg3 Qf6 25. axb5 axb5 26. Rd5 Qxb2 27. Rxb5 Qa1+ 28. Rb1 Qf6 29. Nxc4 Qxf5+ 30. Ke1 Re8 31. Qb3 Rg8 32. Qb7+ Kd8 1-0

[Event "Malaga op 12th"]
[Site "Malaga"]
[Date "2009.07.12"]
[Round "3"]
[White "Strikovic, Aleksa"]
[Black "Bermejo Martinez, Jorge"]
[Result "1/2-1/2"]
[WhiteElo "2523"]
[BlackElo "2240"]
[PlyCount "119"]
[EventDate "2009.07.11"]
[EventType "swiss"]
[EventRounds "9"]
[EventCountry "ESP"]
[SourceTitle "CBM 131 Extra"]
[Source "ChessBase"]
[SourceDate "2009.09.03"]
[SourceVersion "2"]
[SourceVersionDate "2009.09.16"]
[SourceQuality "1"]

1. c4 e5 2. Nc3 Nf6 3. Nf3 Nc6 4. a3 d5 5. cxd5 Nxd5 6. e4 Nf4 7. d4 exd4 8. Bxf4 dxc3 9. Qxd8+ Nxd8 10. bxc3 Ne6 11. Bg3 Bc5 12. Bc4 0-0 13. 0-0 c6 14. a4 Rd8 15. a5 Kf8 16. Ne5 f6 17. a6 b5 18. Bxe6 Bxe6 19. Nxc6 Rd3 20. Rfc1 Rc8 21. Nb4 Rd2 22. Rd1 Bxb4 23. cxb4 Rxd1+ 24. Rxd1 Rc6 25. f4 Ke7 26. f5 Bd7 27. Ra1 Bc8 28. Ra5 Bxa6 29. Kf2 Kd7 30. Ke3 Kc8 31. e5 fxe5 32. Bxe5 g6 33. f6 Kd7 34. g4 h6 35. h4 g5 36. hxg5 hxg5 37. Ra1 Ke6 38. Bd4 Kf7 39. Rh1 Kg6 40. Rh8 Rc8 41. Rh2 Re8+ 42. Kd2 Bc8 43. Rf2 Kf7 44. Rg2 Re4 45. Kd3 Rxg4 46. Re2 Bf5+ 47. Kc3 Be6 48. Re5 Rg3+ 49. Kc2 Rg2+ 50. Kc1 Rg4 51. Bc3 Kxf6 52. Rxb5+ Kg6 53. Re5 Bc4 54. b5 Rf4 55. Rc5 g4 56. Bd2 Re4 57. Kc2 g3 58. Rg5+ Kf6 59. Rxg3 Bxb5 60. Be1 1/2-1/2

[Event "Andorra op 26th"]
[Site "La Massana"]
[Date "2008.07.22"]
[Round "4"]
[White "Bermejo Martinez, Jorge"]
[Black "Comas Fabrego, Luis"]
[Result "0-1"]
[WhiteElo "2267"]
[BlackElo "2495"]
[PlyCount "66"]
[EventDate "2008.07.19"]
[EventType "swiss"]
[EventRounds "9"]
[EventCountry "AND"]
[SourceTitle "CBM 125 Extra"]
[Source "ChessBase"]
[SourceDate "2008.09.01"]
[SourceVersion "1"]
[SourceVersionDate "2008.09.01"]
[SourceQuality "1"]

1. d4 Nf6 2. c4 e6 3. Nc3 Bb4 4. e3 0-0 5. Bd3 d5 6. Nf3 Nc6 7. 0-0 a6 8. a3 dxc4 9. Bxc4 Bd6 10. e4 e5 11. d5 Ne7 12. Nh4 Ng6 13. Bg5 h6 14. Nxg6 fxg6 15. Bh4 g5 16. Bg3 Qe8 17. f3 Nh5 18. Bf2 Qg6 19. Be2 Nf4 20. Be3 Bd7 21. g3 g4 22. fxg4 Nxe2+ 23. Qxe2 Bxg4 24. Qg2 Qh5 25. Rxf8+ Rxf8 26. Rf1 Bf3 27. Qc2 Qg4 28. Rf2 h5 29. Kf1 h4 30. gxh4 Be7 31. Bg5 Bc5 32. Ke1 Qg1+ 33. Rf1 Qxf1+ 0-1

[Event "Benidorm op U2300 06th"]
[Site "Benidorm"]
[Date "2007.12.02"]
[Round "3"]
[White "Hristodorescu, Daniel"]
[Black "Bermejo Martinez, Jorge"]
[Result "1-0"]
[WhiteElo "2260"]
[BlackElo "2215"]
[PlyCount "95"]
[EventDate "2007.11.30"]
[EventType "swiss"]
[EventRounds "9"]
[EventCountry "ESP"]
[SourceTitle "CBM 121 Extra"]
[Source "ChessBase"]
[SourceDate "2008.01.10"]
[SourceVersion "1"]
[SourceVersionDate "2008.01.10"]
[SourceQuality "1"]

1. e4 c5 2. Nf3 Nc6 3. Bb5 a6 4. Bxc6 dxc6 5. 0-0 Bg4 6. h3 Bxf3 7. Qxf3 e5 8. d3 Qc7 9. a4 a5 10. Qg3 Nf6 11. Na3 g6 12. Nc4 Bd6 13. Bd2 0-0 14. Bc3 Nh5 15. Qg4 Nf4 16. g3 h5 17. Qd1 Nxh3+ 18. Kg2 Ng5 19. Qd2 f6 20. Bxa5 Qd7 21. Rh1 Qe6 22. Bb6 Be7 23. Qe3 f5 24. exf5 Rxf5 25. Nd2 Raf8 26. Raf1 Qd5+ 27. f3 Ne6 28. Qe4 Qd7 29. c3 Rg5 30. Qc4 Kg7 31. Kf2 Rgf5 32. Ke2 h4 33. g4 Nf4+ 34. Kd1 R5f7 35. Kc2 Ng2 36. Qe4 Qd5 37. Rf2 Qxe4 38. Nxe4 Ne3+ 39. Kd2 Nxg4 40. Rg2 Nf6 41. Nxc5 Nd5 42. Ne6+ Kh7 43. Nxf8+ Rxf8 44. Bf2 g5 45. Be3 Rf5 46. Ke2 Bd8 47. Rg4 Bc7 48. Bxg5 1-0

[Event "ESP-ch Student"]
[Site "Cartagena"]
[Date "2007.05.07"]
[Round "1"]
[White "Iglesias Gascon, Albanta"]
[Black "Bermejo Martinez, Jorge"]
[Result "1-0"]
[WhiteElo "1997"]
[BlackElo "2240"]
[PlyCount "21"]
[EventDate "2007.05.06"]
[EventType "swiss"]
[EventRounds "9"]
[EventCountry "ESP"]
[SourceTitle "CBM 118 Extra"]
[Source "ChessBase"]
[SourceDate "2007.07.04"]
[SourceVersion "1"]
[SourceVersionDate "2007.07.04"]
[SourceQuality "1"]

1. d4 Nf6 2. Nf3 g6 3. Bf4 Bg7 4. e3 d6 5. Be2 0-0 6. 0-0 Nbd7 7. c4 h6 8. h3 c6 9. Nc3 Qb6 10. Qc2 d5 11. Bh2 1-0

[Event "La Roda op 34th"]
[Site "La Roda"]
[Date "2007.04.05"]
[Round "2"]
[White "Khamrakulov, Ibragim S"]
[Black "Bermejo Martinez, Jorge"]
[Result "1-0"]
[WhiteElo "2545"]
[BlackElo "2240"]
[PlyCount "48"]
[EventDate "2007.04.04"]
[EventType "swiss"]
[EventRounds "9"]
[EventCountry "ESP"]
[SourceTitle "CBM 117 Extra"]
[Source "ChessBase"]
[SourceDate "2007.05.09"]
[SourceVersion "1"]
[SourceVersionDate "2007.05.09"]
[SourceQuality "1"]

1. e4 e6 2. d4 d5 3. Nd2 Be7 4. Ngf3 c5 5. exd5 Qxd5 6. Bc4 Qd8 7. 0-0 Nf6 8. dxc5 Bxc5 9. Qe2 Nbd7 10. Nb3 Be7 11. Rd1 Qc7 12. Nbd4 Nb6 13. Nb5 Qxc4 14. Qxc4 Nxc4 15. Nc7+ Kf8 16. Nxa8 Nd5 17. b3 Nd6 18. Ba3 Ne8 19. Bb2 f6 20. Nd4 b6 21. c4 Nf4 22. Nc6 Bd6 23. Rxd6 Nxd6 24. Ba3 Bb7 1-0

[Event "ESP-chT Honor Gp2"]
[Site "San Sebastian"]
[Date "2006.09.14"]
[Round "2"]
[White "Teran Alvarez, Ismael"]
[Black "Bermejo Martinez, Jorge"]
[Result "1-0"]
[WhiteElo "2412"]
[BlackElo "2215"]
[PlyCount "53"]
[EventDate "2006.09.13"]
[EventType "team"]
[EventRounds "5"]
[EventCountry "ESP"]
[SourceTitle "CBM 115"]
[Source "ChessBase"]
[SourceDate "2006.11.15"]
[SourceVersion "1"]
[SourceVersionDate "2006.11.15"]
[SourceQuality "1"]

1. d4 Nf6 2. Nf3 d5 3. c4 c6 4. Nc3 e6 5. cxd5 exd5 6. Bg5 Be7 7. e3 Bf5 8. Be2 0-0 9. 0-0 h6 10. Bh4 Ne4 11. Bxe7 Qxe7 12. Nd2 Nd6 13. b4 a6 14. a4 Nd7 15. b5 axb5 16. axb5 Nf6 17. Qb3 Nfe4 18. Ndxe4 dxe4 19. Qb4 Qe6 20. bxc6 bxc6 21. Qc5 Qg6 22. Rfc1 Bd7 23. Na4 Nf5 24. Qe5 Nd6 25. Bh5 Qe6 26. Nc5 Qxe5 27. dxe5 1-0